Представление документа в формате RUSMARC

ПолеНазваниеЗначение
  Тип записи a
  Библиографический уровень a
001 Контрольный номер RU/IS/BASE/624637700
005 Дата корректировки 20241212155636.8
100 Данные общей обработки __
a Данные общей обработки 20191017d2019 ||| 0rusy0189 ca
101 Язык документа 0_
a Язык текста rus
102 Страна публикации __
a Страна публикации RU
105 Кодированные данные (монография) __
a Кодированные данные (монография) y###||||000|y
200 Заглавие и сведения об ответственности 1_
a Заглавие Святое вечности зерно
b Общее обозначение материала Текст
e Сведения, относящиеся к заглавию [из истории парково-усадебного ансамбля Середниково]
f Первые сведения об ответственности А. Самохин
461 Уровень набора _0
1 2001
a Культура
463 Уровень физической единицы _0
1 2001
a 11-17 окт. (№ 35)
v С. 1, 3 : фот.
1 210
d 2019
600 Персоналии _0
a Персоналии (Фамилия) Лермонтов
b Персоналии (Имя, инициалы) Михаил Юрьевич
606 Тематические рубрики 0_
a Основная рубрика История отдельных местностей России
y Географическая подрубрика Московская область, Россия
y Географическая подрубрика Россия
606 Тематические рубрики 0_
a Основная рубрика Лермонтов, Михаил Юрьевич (1814-1841) - Биография
610 Ключевые слова 0_
a Ключевые слова усадьбы
610 Ключевые слова 0_
a Ключевые слова дворянские усадьбы
610 Ключевые слова 0_
a Ключевые слова подмосковные усадьбы
610 Ключевые слова 0_
a Ключевые слова лермонтовские места
610 Ключевые слова 0_
a Ключевые слова культурное наследие
610 Ключевые слова 0_
a Ключевые слова парковые комплексы
610 Ключевые слова 0_
a Ключевые слова усадьбы Всеволожских
610 Ключевые слова 0_
a Ключевые слова усадьбы Столыпиных
610 Ключевые слова 0_
a Ключевые слова усадьбы Лермонтовых
686 Индексы других классификаций __
a Классификационный индекс 63.3(2Рос-4Мос)
2 Код системы rubbk
686 Индексы других классификаций __
a Классификационный индекс 83.3Р1
2 Код системы rubbk
700 Автор _1
a Фамилия Самохин
b Имя (инициалы) А.
801 Источник записи _0
a Страна RU
b Организация Ульяновская ОБДЮ
c Дата составления 20191017
g Правила каталогизации RCR
801 Источник записи _1
a Страна RU
b Организация Ульяновская ОБДЮ
c Дата составления 20191017
g Правила каталогизации RCR
901 Тип документа __
t Тип документа f
910 Корректоры записи __
a Корректор записи Ульянова Е.А.
919 __
a Ульянова Е.А.
938 Служебная информация __
a Имя БД BibStat
b Имя библиотеки ОБДЮ